• 首页
  • 本馆介绍
  • 公告通知
  • 最新文献
  • 馆藏检索
  • 电子资源
  • 读者导购
  • 参考咨询
  • 我的图书馆
  • 登录
  • 详细信息显示
  • 放入我的书架
  • 预约/预借图书
  • 作者相关作品
  • 分类相关作品
  • 丛书相关作品
  • 出版社相关作品

书目信息

  • 表格格式
  • 工作单格式
  • 卡片格式
题名:
物理之谜
    
 
作者: 杨宗书 编
分册:  
出版信息: 上海   文汇出版社  1988.12
页数: 208页
开本: 19厘米
丛书名: 文汇探索丛书
单 册:
中图分类: O4-49
科图分类:
主题词: 物理学--普及读物
电子资源:
ISBN: 7-80531-051-3
000 00681nam2 2200253 450
001 0100275553
005 20051108142638.0
010    @a7-80531-051-3@dCNY2.20
011    @a7-80531-051-3
100    @a19901121d1988 m y0chiy0110 ea
101 0  @achi
102    @aCN@b310000
105    @af z 000yy
106    @ar
200 1  @a物理之谜@9Wu Li Zhi Mi;Mei @f杨宗书编@b专著
210    @a上海@c文汇出版社@d1988.12
215    @a208页@c图@d19厘米
225 2  @a文汇探索丛书
410  0 @12001 @a文汇探索丛书
606 0  @a物理学@x普及读物
690    @aO4-49@v1980
701  0 @a杨宗书@9yang zong shu@4编
801  0 @aCN@bAiZhiMarc@c19901121
905    @aBZT@dO4@e1047@f1@sO4/1047
    
    物理之谜/杨宗书编.-上海:文汇出版社,1988.12
    208页:图;19厘米.-(文汇探索丛书)
    
    
    ISBN 7-80531-051-3:CNY2.20
    
●
相关链接 在五车中查询图书 在当当中查询图书 在豆瓣中查询图书


正题名:物理之谜     索取号:O4/1047         预约/预借

序号 登录号 条形码 馆藏地/架位号 状态 备注
1 2000091289   2000091289   旧书回溯/ [索取号:O4/1047] 在馆    
山东省滨州职业学院图书馆 欢迎您!
大连网信软件有限公司© 版权所有